Saber hacer : lengua 3 es /

Guardado en:
Autor Principal: Seoane, Carolina
Otros Autores: Zunino, Carolina, Muschietti, Marcelo
Formato: Libro
Publicado: Buenos Aires : Estrada, 2010
Series:Confluencias
Materias:
Etiquetas: Agregar Etiqueta
Sin Etiquetas, Sea el primero en etiquetar este registro!
LEADER 01396nam a22002775a 4500
001 CEM.cems013492
005 20110303092220.0
008 130507s2010##################000#0#####d
003 CEMS
020 |a 9789500112475 
082 0 4 |a Z468 
100 1 |a Seoane, Carolina 
245 1 0 |a Saber hacer :  |b lengua 3 es /  |c Carolina Seoane ... [et Al.] 
260 |a Buenos Aires :  |b Estrada,  |c 2010 
300 |a 32 p. 
490 0 |a Confluencias 
500 |a Cuaderno de procedimientos 
505 0 |a Paratextos -- Paratextos de libros -- Función de los paratextos -- Campo semántico -- Palabra clave -- Ideas principales y secundarias -- La comparación y la analogía -- Intertextualidad: la palabra del otro -- Para resumir: estrategias de síntesis -- Para resumir: del borrador al resumen -- Para resumir: graficaciones -- Cuadro comparativo -- Cuadro sinóptico -- Para resumir: elaborar fichas -- Los textos de opinión -- Reseña literaria -- El prólogo -- El debate -- Reglas y formas del debate -- Algunas clases de cartas formales -- Partes del curriculum vitae -- La monografía -- Partes de la monografía 
653 |a Lengua 
653 |a Lengua-3º es 
653 |a Lengua-9º egb 
653 |a Técnicas de estudio 
653 |a Lengua-actividades 
700 1 |a Zunino, Carolina 
700 1 |a Muschietti, Marcelo 
859 |a CEMS  |b BIB. CEMS - 11 de abril  |h Z468  |i Se61-1  |p 26120.11  |t Ej.1  |v 3  |3 3